| 000 | 00843nam a22001695i 4500 | ||
|---|---|---|---|
| 001 | 153477 | ||
| 003 | ES-MaACL | ||
| 005 | 20230906205236.0 | ||
| 008 | 021127s1848 sp |||| | spa d | ||
| 040 |
_aCCPB | B _bspa _cCCPB | B |
||
| 245 | 0 | 0 | _aDictámenes médico-hijiénicos [sic] de la Comisión Facultativa Inspectora del Hospital General de Santa Cruz de Barcelona nombrada en 12 de diciembre de 1847 por el señor alcalde corregidor de esta ciudad. |
| 260 |
_aBarcelona : _b[s.n.], _c1848 ( _fImprenta de Antonio Brusi) |
||
| 300 |
_a107 p. ; _c21 cm. |
||
| 650 | 4 |
_aHigiene hospitalaria. _9148879 |
|
| 710 | 2 |
_aHospital de la Santa Cruz y San Pablo (Barcelona) _9134438 |
|
| 852 |
_aES-MaACL _jR-1366(8) _z-- Enc. hol. _z-- Enc. en un vol. facticio, formando parte de la col. "Colección de memorias médicas" _z.- Donat. Mateo Seoane |
||
| 999 |
_c153477 _d153477 |
||